zpět

Detail výsledku týmu

U Lucerny ČT, Brno

Datum a čas kvízu

19.5 Celkem bodů Celkový počet nahraných bodů na tomto kvízu bez doplňovacích otázek.
7. Pořadí na kvízu Konečné umístění týmu na tomto kvízu.

Zaznamenané odpovědi

# Otázka Odpověď Body Výsledky
1. Jak se jmenuje první dítě roku... 0
2. Spojené státy a Izrael ve stře... 1
3. Americká kapela žaluje návrhář... 1
4. Dva zaměstnanci telekomunikačn... 1
5. Nad očekávání dobře si v průbě... 1
6. Věříme tomu, že nemálo z Vás v... 1
7. Poznáte podle fotky toto šumav... 1
8. Ve kterém městě najdeme toto k... 1
9. Ve spolkové zemi Salcbursko se... 1
10. Která dvě česká slova jsou nap... 0